000 00806nam a2200241Ia 4500
003 OSt
005 20220923212559.0
006 a|||||r|||| 00| 0
007 ta
008 220922b |||||||| |||| 00| 0 hin d
024 _a154,174
037 _cTextual
040 _aARTS
_cARTS
_bhin
041 _2hin
_ahin
082 _aO152vM5:g, N1
100 _aपूर्णदास
_9156277
245 0 _aहिन्दी साहित्य में मध्युगीनता की अवधारणा
246 _aHindī sāhitya mean madhyugīnatā kī avadhāraṇā
260 _aकानपुर
_b साहित्य सदन
_c1991
300 _a248 पृ.
_ccm.
942 _hO152vM5:g, N1
_cTEXL
_2CC
999 _c309802
_d309802